000 00792nam a2200253Ia 4500
003 OSt
005 20220923211242.0
006 a|||||r|||| 00| 0
007 ta
008 Pun
020 _a9788176472401 (hbk)
_c120
024 _a240,537
037 _b7501/4, 19/11/2009, Arsee Publishers
_cTextual
040 _aARTS
_cARTS
_bPun
041 _2Pun
_aPun
082 _aO153:g, P9
100 _aਮਨਦੀਪ ਸਿੰਘ
245 0 _aਸਾਹਿਤ ਸਮਾਲੋਚਨਾ
260 _aਲੁਧਿਆਣਾ
_b ਲਾਹੌਰ ਬੁੱਕ Fਾਪ
_c2009
300 _a124ਪੰ
_ccm.
650 _aਪੰਜਾਬੀ ਸਾਹਿਤ
942 _hO153:g, P9
_cTEXL
_2CC
999 _c297693
_d297693